| 000 | 00918nam a22002175i 4500 | ||
|---|---|---|---|
| 001 | 165260 | ||
| 003 | ES-MaACL | ||
| 005 | 20250915063101.0 | ||
| 008 | 990701m19031905sp |||| | spa d | ||
| 040 |
_aGA _bspa _cCCPB | 3D |
||
| 100 | 1 |
_aSerrano y Sanz, Manuel, _d1868-1932 _9105809 |
|
| 245 | 1 | 0 |
_aApuntes para una biblioteca de escritoras españolas desde el año 1401 al 1833 / _cpor Manuel Serrano y Sanz. |
| 260 |
_a[S.l. : _bs.n., _cs.a.] ( _eMadrid : _fEstab. tip. "Sucesores de Rivadeneyra", _g1903-1905) |
||
| 300 |
_a2 v. ; _c28 cm. |
||
| 500 | 1 | _aEn port. : Obra premiada por la Biblioteca Nacional en el concurso público de 1898. | |
| 597 | 1 | _aT. I (XI, 695 p., [2] h.). T. II (714 p., [2] h.) | |
| 752 |
_aEspaña - _dMadrid |
||
| 852 |
_aES-MaACL _jB-3404-3405 _z-- Enc. pasta española y hol. |
||
| 852 |
_aES-MaACL _jC-1727-1728 _z-- Enc. pasta española |
||
| 999 |
_c165260 _d165260 |
||